000
00305nam a2200109Ia 4500
008
200302s9999 xx 000 0 und d
100
_a
Malcolm Quantrill (Edi)
245
_a
The Culture Of Silence : Architecture's Fifth Dimension
260
_b
Texas A& M University Press
260
_c
1998
300
_a
271 P
999
_c
4905
_d
4905